[Event "COL-ch visually impaired 2nd"]
[Site "Cali"]
[Date "2008.10.26"]
[Round "3.2"]
[White "Ceballos, Carlos"]
[Black "Rico, Edgar"]
[Result "0-1"]
[WhiteElo "1600"]
[BlackElo "1690"]
[PlyCount "65"]
[EventDate "2008.10.25"]
[EventType "swiss"]
[EventRounds "7"]
[EventCountry "COL"]
[SourceTitle "EXT 2024"]
[Source "ChessBase"]
[SourceDate "2023.10.10"]
[SourceVersion "1"]
[SourceVersionDate "2023.10.10"]
[SourceQuality "1"]

1. d4 Nf6 2. Nc3 d5 3. Nf3 Nc6 4. h3 Bf5 5. Nh4 Bd7 6. Nf3 e6 7. a3 a6 8. Bg5 Be7 9. e3 0-0 10. Bd3 h6 11. Bh4 Rc8 12. 0-0 Nb8 13. Ne2 c5 14. dxc5 Rxc5 15. Ned4 Qb6 16. Ne5 Rcc8 17. Rb1 Be8 18. Ng4 Qd8 19. Qf3 Nbd7 20. Qg3 Nxg4 21. Bxe7 Qxe7 22. Qxg4 Ne5 23. Qe2 Qd6 24. c3 Nxd3 25. Qxd3 e5 26. Nf5 Qe6 27. Rbd1 Bb5 28. Qxd5 Rxc3 29. Qxb7 Rd8 30. b3 Bd3 31. Rd2 Bb5 32. Rb2 Bd3 33. Rbb1 0-1

[Event "COL-ch visually impaired 2nd"]
[Site "Cali"]
[Date "2008.10.26"]
[Round "4.6"]
[White "Pena Visbal, Roberto Enrique"]
[Black "Ceballos, Carlos"]
[Result "0-1"]
[WhiteElo "1600"]
[BlackElo "1600"]
[PlyCount "22"]
[EventDate "2008.10.25"]
[EventType "swiss"]
[EventRounds "7"]
[EventCountry "COL"]
[SourceTitle "EXT 2024"]
[Source "ChessBase"]
[SourceDate "2023.10.10"]
[SourceVersion "1"]
[SourceVersionDate "2023.10.10"]
[SourceQuality "1"]

1. e4 e6 2. d4 d5 3. e5 c5 4. Nf3 cxd4 5. Qxd4 a6 6. a3 Nc6 7. Qf4 Qc7 8. Be3 Nge7 9. Nc3 Ng6 10. Qg3 Ncxe5 11. 0-0-0 Bd6 0-1